00548nam a22001697a 4500003000900000008004100009020000900050040007100059082001700130100002400147245004900171260004100220300002600261505005500287650002000342650001600362AR-CdUCM190307b ||||| |||| 00| 0 esp d aISBN aMUNICIPALIDAD PROVINCIAL DEL CUSCOcBIBLIOTECA MUNICIPAL DEL CUSCO a868.3 /bR78 aRojas, Francisco de aDel rey abajo, ninguno /cFrancisco de Rojas aSantiago de Chile :bZig Zag,c1956. a104 paginas ;c17 cm. aPersonas que hablan de ella -- Jornada primera ... aTeatro españo aEdad de oro